Mieszko II Lambert i Kazimierz Odnowiciel - Statystyki

Ogólne statystyki
  • Ten quiz został rozwiązany 12 razy
  • Średni wynik to 13 z 22
Statystyki odpowiedzi
Hint Odpowiedź % Poprawnych
Synem jakiego władcy był Mieszko II Lambert? Bolesław I Chrobry
100%
Jak nazywał się syn Mieszka II? Kazimierz I Odnowiciel
92%
Dokąd Kazimierz I Odnowiciel przeniósł stolice? Kraków
92%
Czy Mieszko II Lambert utracił Miśnię i Łużyce Tak
92%
Do jakiego państwa zbiegł Mieszko II po utracie władzy? Czech
83%
Jak nazywano Kazimierza I ze względu na jego reformy? Odnowiciel
83%
W którym roku Mieszko II Lambert został koronowany na króla? 1025
75%
W którym roku Mieszko II Lambert uciekł z kraju? 1031
75%
W którym roku Mieszko II Lambert powrócił do kraju? 1032
75%
W którym roku zmarł Mieszko II Lambert? 1034
75%
Książe Polski w latach 1031-1032 oraz starszy brat Mieszka II Bezprym
75%
Kiedy Kazimierz Odnowiciel powrócił do Polski? 1039
58%
Syn Kazimierza I Odnowiciela oraz król Polski Bolesław II Śmiały
58%
W którym roku zmarł Kazimierz Odnowiciel? 1058
50%
Jak miała na imię żona Mieszka II Lamberta? Rycheza
50%
W którym roku Kazimierz I Odnowiciel przyłączył do Polski Śląsk? 1050
42%
W którym roku odbył się zjazd w Kwedlinburgu? 1054
42%
Książę czeski który najechał Polskę w 1038 lub 1039 Brzetysław
33%
Miejsce zjazdu na którym potwirdzono przynależność Śląska do Polski Kwedlinburg
25%
Cześnik króla Mieszka II oraz następnie władca Mazowsza Miesław
25%
Jak nazywa się okres chaosu po ucieczce Mieszka II z kraju? Reakcja Pogańska
25%
Jaką formację wojskową utworzył Kazimierz Odnowiciel drużyna zbrojnych
8%
Nie znaleziono quizów pasujących do podanych kryteriów
Rozkład punktacji
Procent ludzi z każdym wynikiem
Percentyl według liczby udzielonych odpowiedzi
Twoja historia wyników
Nie rozwiązałeś tego quizu